[Event "Reunion op 09th"]
[Site "Reunion"]
[Date "2007.10.18"]
[Round "5"]
[White "Vitry, Patrick"]
[Black "Faustin, Patrice"]
[Result "0-1"]
[WhiteElo "1450"]
[BlackElo "1785"]
[PlyCount "84"]
[EventDate "2007.10.14"]
[EventType "swiss"]
[EventRounds "9"]
[EventCountry "RUF"]
[SourceTitle "EXT 2012"]
[Source "ChessBase"]
[SourceDate "2011.11.24"]
[SourceVersion "1"]
[SourceVersionDate "2011.11.24"]
[SourceQuality "1"]

1. e4 d5 2. exd5 Qxd5 3. Nc3 Qd6 4. d4 a6 5. Be2 Nf6 6. Bf3 Nc6 7. Nge2 Bf5 8. Ng3 Bg6 9. Be3 e6 10. 0-0 h5 11. Nce4 Bxe4 12. Nxe4 Nxe4 13. Bxe4 0-0-0 14. c3 f5 15. Bf3 h4 16. h3 Ne7 17. Bg5 Rd7 18. Qb3 c6 19. Rfe1 Nd5 20. c4 Nf4 21. Rad1 Be7 22. c5 Qc7 23. Bxf4 Qxf4 24. Rxe6 g5 25. Qe3 Qc7 26. Re1 Bd8 27. Qc3 Rg8 28. Re8 Rgg7 29. b4 g4 30. hxg4 fxg4 31. Be4 Rdf7 32. d5 Qd7 33. dxc6 bxc6 34. Bc2 h3 35. g3 Rf3 36. R1e3 h2+ 37. Kg2 Rgf7 38. Rxf3 gxf3+ 39. Kxh2 Qxe8 40. a4 Qe6 41. Bb3 Qh6+ 42. Kg1 Qh3 0-1